[Event "Moscow Open F"]
[Site "?"]
[Date "2017.02.04"]
[Round "9.11"]
[White "Mikheev, Evgeniy"]
[Black "Lugovskoy, Maxim"]
[Result "0-1"]
[BlackElo "2425"]
[WhiteElo "2115"]
[LiveChessVersion "1.4.8"]

1. Nf3 {[%clk 1:30:58]} Nc6 {[%clk 1:20:01]} 2. g3 {[%clk 1:30:19]} e5
{[%clk 1:20:01]} 3. d3 {[%clk 1:30:41]} d5 {[%clk 1:20:22]} 4. Bg2
{[%clk 1:31:06]} Bg4 {[%clk 1:19:30]} 5. h3 {[%clk 1:31:31]} Bh5 {[%clk 1:16:19]}
6. O-O {[%clk 1:26:21]} Nf6 {[%clk 1:14:24]} 7. Na3 {[%clk 1:19:23]} Qd7
{[%clk 1:12:56]} 8. g4 {[%clk 1:15:22]} Bg6 {[%clk 1:13:21]} 9. c4
{[%clk 1:15:44]} dxc4 {[%clk 0:47:44]} 10. Nxc4 {[%clk 1:15:20]} Bd6
{[%clk 0:46:55]} 11. b4 {[%clk 1:11:52]} a6 {[%clk 0:41:23]} 12. Bb2
{[%clk 1:06:22]} Qe7 {[%clk 0:38:41]} 13. Qb3 {[%clk 0:59:12]} Nd7
{[%clk 0:37:47]} 14. Nxd6+ {[%clk 0:57:39]} cxd6 {[%clk 0:37:36]} 15. Rac1
{[%clk 0:55:47]} O-O {[%clk 0:37:40]} 16. a4 {[%clk 0:55:41]} Kh8
{[%clk 0:34:41]} 17. b5 {[%clk 0:51:50]} axb5 {[%clk 0:32:50]} 18. axb5
{[%clk 0:52:02]} Nc5 {[%clk 0:30:53]} 19. Qc2 {[%clk 0:51:22]} Nb4
{[%clk 0:30:38]} 20. Qc4 {[%clk 0:40:21]} Ra4 {[%clk 0:29:45]} 21. Nxe5
{[%clk 0:08:20]} Nbxd3 {[%clk 0:29:29]} 22. Nxg6+ {[%clk 0:08:37]} fxg6
{[%clk 0:29:55]} 23. Qc2 {[%clk 0:05:50]} Nxc1 {[%clk 0:30:04]} 24. Rxc1
{[%clk 0:05:55]} Raf4 {[%clk 0:29:47]} 25. Rf1 {[%clk 0:00:55]} Qf7
{[%clk 0:29:20]} 26. e3 {[%clk 0:01:03]} Rb4 {[%clk 0:28:23]} 27. Qc3
{[%clk 0:00:45]} Rxb5 {[%clk 0:28:23]} 28. Bc1 Rb1 {[%clk 0:28:14]} 0-1

[Event "Moscow Open F"]
[Site "?"]
[Date "2017.02.04"]
[Round "9.12"]
[White "Matsenko, Andrei"]
[Black "Belousov, Ivan"]
[Result "1-0"]
[BlackElo "2094"]
[WhiteElo "2356"]
[LiveChessVersion "1.4.8"]

1. d4 d5 2. c4 c6 3. Nf3 Nf6 4. e3 e6 5. Nc3 Nbd7 6. Qc2 a6 7. b3 Be7 8. Bd3 O-O
9. O-O b5 10. Bb2 Bb7 11. c5 g6 12. Ne2 Nh5 13. Nf4 Nxf4 14. exf4 Qc7 15. g3 Rae8
16. Rfe1 Bc8 17. Kg2 Bf6 18. h4 Bg7 19. h5 f5 20. hxg6 hxg6 21. Rh1 Bf6 22. Rae1
Rf7 23. Rh6 Nf8 24. Ne5 Bxe5 25. fxe5 Ree7 26. Bc1 Rh7 27. Reh1 Reg7 28. Bg5 Bd7
29. Qd2 Be8 30. b4 Nd7 31. Qf4 Rxh6 32. Bxh6 Rh7 33. Qg5 Nf8 34. a4 Qe7 35. Qf4
Nd7 36. axb5 cxb5 37. Bg5 Qf7 38. Ra1 Nb8 39. Bf6 Bc6 40. g4 Bb7 41. Kf3 Nc6 42.
Rb1 Bc8 43. Ke3 Rh3+ 44. Kd2 Qh7 45. gxf5 exf5 46. e6 Bxe6 47. Re1 Qd7 48. Rg1
Kf7 49. Qh6 Ke8 50. Qxg6+ Qf7 51. Bxf5 Qxg6 52. Bxg6+ Bf7 53. Be5 Bxg6 54. Rxg6
Nxb4 55. c6 Rd3+ 56. Ke2 Rc3 57. c7 Kd7 58. Rg7+ Ke6 59. Rg8 a5 60. c8=Q+ Rxc8
61. Rxc8 a4 62. Rb8 a3 63. Ra8 a2 64. Kd2 Kd7 65. Kc3 Kc6 1-0

[Event "Moscow Open F"]
[Site "?"]
[Date "2017.02.04"]
[Round "9.13"]
[White "Vasilyev, Vasily"]
[Black "Berezhkov, Andrey"]
[Result "1-0"]
[BlackElo "2049"]
[WhiteElo "2320"]
[LiveChessVersion "1.4.8"]

1. d4 {[%clk 1:25:23]} d5 {[%clk 1:29:54]} 2. Nf3 {[%clk 1:24:32]} e6
{[%clk 1:30:10]} 3. g3 {[%clk 1:24:49]} c6 {[%clk 1:29:47]} 4. Bg2
{[%clk 1:25:11]} Bd6 {[%clk 1:29:37]} 5. O-O {[%clk 1:25:13]} f5 {[%clk 1:29:51]}
6. c4 {[%clk 1:25:16]} Nf6 {[%clk 1:30:06]} 7. Bf4 {[%clk 1:25:22]} Bxf4
{[%clk 1:30:03]} 8. gxf4 {[%clk 1:25:48]} O-O {[%clk 1:29:42]} 9. Ne5
{[%clk 1:16:56]} Nbd7 {[%clk 1:23:50]} 10. Nd2 {[%clk 1:14:04]} Ne4
{[%clk 1:18:21]} 11. Ndf3 {[%clk 1:09:42]} Kh8 {[%clk 1:00:40]} 12. c5
{[%clk 0:59:45]} g5 {[%clk 0:47:07]} 13. fxg5 {[%clk 0:47:37]} Nxg5
{[%clk 0:46:32]} 14. Kh1 {[%clk 0:41:29]} Ne4 {[%clk 0:33:42]} 15. Nxd7
{[%clk 0:39:56]} Bxd7 {[%clk 0:33:29]} 16. Ne5 {[%clk 0:40:00]} Nf6
{[%clk 0:31:08]} 17. Bf3 {[%clk 0:38:19]} Be8 {[%clk 0:26:57]} 18. Qd2
{[%clk 0:37:34]} Nd7 {[%clk 0:24:01]} 19. Nd3 {[%clk 0:35:22]} Qh4
{[%clk 0:17:11]} 20. Qe3 {[%clk 0:33:30]} Bf7 {[%clk 0:15:53]} 21. Ne5
{[%clk 0:32:13]} Nxe5 {[%clk 0:10:00]} 22. Qxe5+ {[%clk 0:32:31]} Kg8
{[%clk 0:10:24]} 23. Rg1+ {[%clk 0:32:44]} Bg6 {[%clk 0:10:52]} 24. Qxe6+
{[%clk 0:32:56]} Kg7 {[%clk 0:10:57]} 25. Qe5+ {[%clk 0:31:41]} Kg8
{[%clk 0:09:23]} 26. Rad1 {[%clk 0:21:33]} Qxf2 {[%clk 0:03:21]} 27. Bh5
{[%clk 0:19:05]} Rae8 {[%clk 0:01:12]} 28. Qd6 {[%clk 0:18:55]} Re4
{[%clk 0:00:43]} 29. Bxg6 {[%clk 0:18:42]} Rg4 {[%clk 0:00:55]} 30. Bxf5
{[%clk 0:17:21]} Qxf5 {[%clk 0:00:41]} 31. Rxg4+ {[%clk 0:17:43]} 1-0

[Event "Moscow Open F"]
[Site "?"]
[Date "2017.02.04"]
[Round "9.14"]
[White "Kamrukov, Alexey"]
[Black "Razumovskiy, Mikhail"]
[Result "1-0"]
[BlackElo "1796"]
[WhiteElo "2311"]
[LiveChessVersion "1.4.8"]

1. d4 {[%clk 1:30:58]} d5 {[%clk 1:30:13]} 2. c4 {[%clk 1:31:23]} c6
{[%clk 1:30:20]} 3. Nc3 {[%clk 1:31:45]} Nf6 {[%clk 1:30:44]} 4. Nf3
{[%clk 1:31:48]} a6 {[%clk 1:30:58]} 5. c5 {[%clk 1:30:36]} Nbd7 {[%clk 1:31:05]}
6. h3 {[%clk 1:29:53]} Qc7 {[%clk 1:28:12]} 7. Bg5 {[%clk 1:20:28]} e5
{[%clk 1:13:37]} 8. Bxf6 {[%clk 1:16:00]} gxf6 {[%clk 1:13:28]} 9. e3
{[%clk 1:16:20]} b6 {[%clk 1:10:11]} 10. cxb6 {[%clk 1:13:54]} Qxb6
{[%clk 1:08:24]} 11. Qc2 {[%clk 1:12:07]} Rb8 {[%clk 1:02:59]} 12. Rb1
{[%clk 1:10:13]} Bg7 {[%clk 0:57:58]} 13. Be2 {[%clk 1:08:11]} O-O
{[%clk 0:56:46]} 14. O-O {[%clk 1:07:32]} f5 {[%clk 0:42:45]} 15. Na4
{[%clk 0:49:16]} Qb4 {[%clk 0:33:55]} 16. a3 {[%clk 0:41:00]} Qe7
{[%clk 0:31:53]} 17. dxe5 {[%clk 0:38:38]} c5 {[%clk 0:30:52]} 18. Bd3
{[%clk 0:26:06]} Nxe5 {[%clk 0:30:24]} 19. Nxe5 {[%clk 0:26:21]} Qxe5
{[%clk 0:29:47]} 20. Qxc5 {[%clk 0:25:18]} Bb7 {[%clk 0:25:48]} 21. Qc2
{[%clk 0:20:24]} Rfc8 {[%clk 0:24:37]} 22. Nc3 {[%clk 0:19:36]} f4
{[%clk 0:21:20]} 23. Bxh7+ {[%clk 0:16:27]} Kh8 {[%clk 0:21:49]} 24. exf4
{[%clk 0:16:45]} Qh5 {[%clk 0:21:36]} 25. Bf5 {[%clk 0:17:00]} Rc4
{[%clk 0:14:01]} 26. Bg4 {[%clk 0:14:03]} Qh6 {[%clk 0:14:00]} 27. Qd2
{[%clk 0:12:16]} Be5 {[%clk 0:10:10]} 28. Nxd5 {[%clk 0:05:54]} Rd4
{[%clk 0:04:36]} 29. Qe3 {[%clk 0:03:29]} Bg7 {[%clk 0:04:51]} 30. Nc3
{[%clk 0:02:36]} Qg6 {[%clk 0:00:39]} 31. Rbd1 {[%clk 0:01:27]} Rbd8
{[%clk 0:00:39]} 32. Rxd4 {[%clk 0:01:24]} Bxd4 {[%clk 0:00:44]} 33. Qe7
{[%clk 0:01:32]} Rb8 {[%clk 0:00:36]} 34. Qc7 {[%clk 0:01:24]} Ba7
{[%clk 0:00:53]} 35. Rd1 {[%clk 0:01:01]} Kg7 {[%clk 0:00:38]} 36. Qe5+
{[%clk 0:01:12]} Qf6 {[%clk 0:00:36]} 37. b4 {[%clk 0:00:38]} Rf8
{[%clk 0:00:31]} 38. Rd7 {[%clk 0:00:35]} Rb8 {[%clk 0:00:33]} 39. Bh5
{[%clk 0:00:43]} Qxe5 {[%clk 0:00:47]} 40. fxe5 {[%clk 0:01:12]} Bb6
{[%clk 0:00:43]} 41. Rxf7+ {[%clk 0:01:13]} Kh6 {[%clk 0:01:12]} 42. Rf6+
{[%clk 0:01:24]} 1-0

[Event "Moscow Open F"]
[Site "?"]
[Date "2017.02.04"]
[Round "9.15"]
[White "Aleev, Aleksandr"]
[Black "Mingazov, Almaz"]
[Result "0-1"]
[BlackElo "2303"]
[WhiteElo "1960"]
[LiveChessVersion "1.4.8"]

1. c4 {[%clk 1:30:58]} e5 {[%clk 1:28:26]} 2. Nc3 {[%clk 1:31:25]} Nf6
{[%clk 1:28:50]} 3. g3 {[%clk 1:31:49]} Nc6 {[%clk 1:29:08]} 4. Bg2
{[%clk 1:32:13]} Bc5 {[%clk 1:29:10]} 5. e3 {[%clk 1:32:23]} d6 {[%clk 1:29:27]}
6. a3 {[%clk 1:32:26]} a5 {[%clk 1:29:52]} 7. Nge2 {[%clk 1:32:50]} Bg4
{[%clk 1:29:31]} 8. Rb1 {[%clk 1:32:27]} Qc8 {[%clk 1:29:22]} 9. Nd5
{[%clk 1:31:51]} Bh3 {[%clk 1:23:59]} 10. Nxf6+ {[%clk 1:30:15]} gxf6
{[%clk 1:24:23]} 11. Bxh3 {[%clk 1:27:18]} Qxh3 {[%clk 1:24:48]} 12. Ng1
{[%clk 1:27:39]} Qf5 {[%clk 1:16:02]} 13. d3 {[%clk 1:27:38]} a4 {[%clk 1:16:17]}
14. Nf3 {[%clk 1:25:38]} h5 {[%clk 1:12:55]} 15. Nh4 {[%clk 1:25:08]} Qg4
{[%clk 1:09:39]} 16. Qxg4 {[%clk 1:25:20]} hxg4 {[%clk 1:09:58]} 17. f3
{[%clk 1:25:46]} gxf3 {[%clk 1:10:17]} 18. Kf2 {[%clk 1:26:04]} Ra6
{[%clk 1:06:35]} 19. Kxf3 {[%clk 1:25:47]} Rb6 {[%clk 1:06:57]} 20. Bd2
{[%clk 1:26:01]} Rb3 {[%clk 1:05:05]} 21. Ke2 {[%clk 1:26:07]} Ne7
{[%clk 1:04:59]} 22. Rhf1 {[%clk 1:11:46]} f5 {[%clk 1:04:18]} 23. Bc3
{[%clk 0:44:28]} f6 {[%clk 1:01:44]} 24. Kd2 {[%clk 0:43:08]} Kd7
{[%clk 1:00:25]} 25. d4 {[%clk 0:42:30]} Ba7 {[%clk 1:00:43]} 26. Rbe1
{[%clk 0:40:07]} f4 {[%clk 0:58:52]} 27. Kc2 {[%clk 0:33:25]} fxe3
{[%clk 0:57:26]} 28. dxe5 {[%clk 0:32:22]} fxe5 {[%clk 0:56:01]} 29. Rf7
{[%clk 0:31:27]} Kd8 {[%clk 0:53:03]} 30. Ref1 {[%clk 0:28:07]} b5
{[%clk 0:45:33]} 31. Rf8+ {[%clk 0:20:13]} Rxf8 {[%clk 0:45:58]} 32. Rxf8+
{[%clk 0:20:39]} Kd7 {[%clk 0:46:25]} 33. Nf3 {[%clk 0:20:37]} bxc4
{[%clk 0:45:43]} 34. h4 {[%clk 0:20:22]} Rb8 {[%clk 0:45:24]} 35. Rf7
{[%clk 0:19:55]} Rg8 {[%clk 0:45:20]} 36. Be1 {[%clk 0:20:20]} Bb6
{[%clk 0:40:03]} 37. Rf6 {[%clk 0:18:49]} Nd5 {[%clk 0:39:44]} 38. Rh6
{[%clk 0:18:35]} Rf8 {[%clk 0:40:08]} 39. Rh7+ {[%clk 0:17:44]} Kc6
{[%clk 0:40:28]} 40. Nh2 {[%clk 0:15:40]} Nf6 {[%clk 0:40:49]} 41. Rg7
{[%clk 0:15:49]} Ne4 {[%clk 0:41:13]} 42. h5 {[%clk 0:16:06]} e2 {[%clk 0:41:07]}
43. Rg4 {[%clk 0:15:49]} d5 {[%clk 0:41:06]} 44. h6 {[%clk 0:14:14]} Rf1
{[%clk 0:36:42]} 45. Nf3 {[%clk 0:13:07]} Rh1 {[%clk 0:34:46]} 46. Rh4
{[%clk 0:12:54]} Rxh4 {[%clk 0:35:06]} 47. gxh4 {[%clk 0:13:15]} Nf6
{[%clk 0:35:15]} 48. Nxe5+ {[%clk 0:12:42]} Kd6 {[%clk 0:35:33]} 49. Ng6
{[%clk 0:11:55]} d4 {[%clk 0:35:09]} 50. Bg3+ {[%clk 0:11:25]} Kd5
{[%clk 0:33:21]} 51. Nf4+ {[%clk 0:11:06]} Ke4 {[%clk 0:33:46]} 52. Nxe2
{[%clk 0:10:59]} d3+ {[%clk 0:34:12]} 53. Kd1 {[%clk 0:10:52]} dxe2+
{[%clk 0:34:33]} 54. Kxe2 {[%clk 0:11:18]} Be3 {[%clk 0:34:31]} 55. Be5
{[%clk 0:11:27]} Kxe5 {[%clk 0:34:49]} 56. Kxe3 {[%clk 0:11:52]} Ng4+
{[%clk 0:35:14]} 57. Kd4+ 0-1

[Event "Moscow Open F"]
[Site "?"]
[Date "2017.02.04"]
[Round "9.16"]
[White "Orshonova, Elena"]
[Black "Bayarmaa, Bayarjargal"]
[Result "1-0"]
[BlackElo "2236"]
[WhiteElo "1968"]
[LiveChessVersion "1.4.8"]

1. e4 {[%clk 1:30:58]} c5 {[%clk 1:17:37]} 2. Nf3 {[%clk 1:30:20]} d6
{[%clk 1:17:47]} 3. d4 {[%clk 1:30:44]} cxd4 {[%clk 1:18:13]} 4. Nxd4
{[%clk 1:31:11]} Nf6 {[%clk 1:18:38]} 5. Nc3 {[%clk 1:31:38]} a6 {[%clk 1:19:04]}
6. h3 {[%clk 1:31:33]} e5 {[%clk 1:14:40]} 7. Nde2 {[%clk 1:31:51]} Be7
{[%clk 1:13:14]} 8. g4 {[%clk 1:30:36]} b5 {[%clk 1:13:16]} 9. Ng3
{[%clk 1:29:15]} Be6 {[%clk 1:12:55]} 10. Nf5 {[%clk 1:27:03]} O-O
{[%clk 1:11:59]} 11. a3 {[%clk 1:24:12]} Nbd7 {[%clk 1:00:52]} 12. Nxe7+
{[%clk 1:21:24]} Qxe7 {[%clk 1:01:15]} 13. g5 {[%clk 1:21:40]} Ne8
{[%clk 1:01:30]} 14. Nd5 {[%clk 1:21:17]} Qd8 {[%clk 0:58:52]} 15. Be3
{[%clk 1:18:44]} Rc8 {[%clk 0:53:49]} 16. Bg2 {[%clk 0:58:12]} Bxd5
{[%clk 0:46:58]} 17. exd5 {[%clk 0:56:44]} Qc7 {[%clk 0:47:22]} 18. c3
{[%clk 0:51:27]} Nb6 {[%clk 0:47:37]} 19. O-O {[%clk 0:46:07]} Nc4
{[%clk 0:47:09]} 20. Bc1 {[%clk 0:45:57]} f5 {[%clk 0:46:53]} 21. a4
{[%clk 0:37:24]} Qb7 {[%clk 0:40:40]} 22. b3 {[%clk 0:29:14]} Nb6
{[%clk 0:36:20]} 23. a5 {[%clk 0:29:12]} Nd7 {[%clk 0:36:20]} 24. Qd3
{[%clk 0:24:18]} e4 {[%clk 0:32:29]} 25. Qd4 {[%clk 0:23:46]} Rc5
{[%clk 0:32:46]} 26. Rd1 {[%clk 0:23:47]} Nc7 {[%clk 0:32:42]} 27. Bf4
{[%clk 0:18:34]} Rxd5 {[%clk 0:25:06]} 28. Qb4 {[%clk 0:18:56]} Ne5
{[%clk 0:18:12]} 29. c4 {[%clk 0:18:51]} Nd3 {[%clk 0:13:31]} 30. Qd2
{[%clk 0:08:48]} Nxf4 {[%clk 0:13:51]} 31. Qxf4 {[%clk 0:09:08]} Rxd1+
{[%clk 0:13:30]} 32. Rxd1 {[%clk 0:09:36]} Ne8 {[%clk 0:12:41]} 33. Bf1
{[%clk 0:09:14]} Rf7 {[%clk 0:10:24]} 34. Rd5 {[%clk 0:08:57]} g6
{[%clk 0:10:31]} 35. Qd2 {[%clk 0:05:59]} b4 {[%clk 0:06:03]} 36. c5
{[%clk 0:06:01]} dxc5 {[%clk 0:05:24]} 37. Rxc5 {[%clk 0:05:24]} Rd7
{[%clk 0:04:56]} 38. Bxa6 {[%clk 0:01:30]} Qa7 {[%clk 0:05:24]} 39. Bc4+
{[%clk 0:01:53]} Kf8 {[%clk 0:05:44]} 40. Qxb4 {[%clk 0:02:01]} Rd1+
{[%clk 0:06:12]} 41. Kg2 {[%clk 0:02:06]} Qe7 {[%clk 0:06:40]} 42. Rb5
{[%clk 0:01:54]} Rd6 {[%clk 0:06:54]} 43. h4 {[%clk 0:02:06]} f4 {[%clk 0:05:45]}
44. Qc3 {[%clk 0:01:38]} f3+ {[%clk 0:05:51]} 45. Kg3 {[%clk 0:01:24]} Qc7
{[%clk 0:03:16]} 46. Qh8+ {[%clk 0:01:37]} Ke7 {[%clk 0:03:45]} 47. Re5+
{[%clk 0:01:12]} Re6 {[%clk 0:03:43]} 48. Bxe6 {[%clk 0:01:36]} 1-0

[Event "Moscow Open F"]
[Site "?"]
[Date "2017.02.04"]
[Round "9.17"]
[White "Talov, Nikita"]
[Black "Krikunov, Dmitry"]
[Result "1/2-1/2"]
[BlackElo "2198"]
[WhiteElo "2068"]
[LiveChessVersion "1.4.8"]

1. e4 {[%clk 1:26:50]} c6 {[%clk 1:24:57]} 2. d4 {[%clk 1:27:13]} d5
{[%clk 1:25:26]} 3. Nc3 {[%clk 1:27:36]} dxe4 {[%clk 1:25:51]} 4. Nxe4
{[%clk 1:28:02]} Bf5 {[%clk 1:26:14]} 5. Ng3 {[%clk 1:28:27]} Bg6
{[%clk 1:26:39]} 6. h4 {[%clk 1:28:49]} h6 {[%clk 1:27:08]} 7. Nf3
{[%clk 1:29:12]} Nd7 {[%clk 1:27:37]} 8. h5 {[%clk 1:29:33]} Bh7 {[%clk 1:28:05]}
9. Bd3 {[%clk 1:29:54]} Bxd3 {[%clk 1:28:33]} 10. Qxd3 {[%clk 1:30:16]} e6
{[%clk 1:28:58]} 11. Bd2 {[%clk 1:30:16]} Ngf6 {[%clk 1:29:19]} 12. O-O-O
{[%clk 1:30:22]} Be7 {[%clk 1:29:42]} 13. Kb1 {[%clk 1:29:35]} c5
{[%clk 1:29:51]} 14. Ne4 {[%clk 1:25:45]} O-O {[%clk 1:24:54]} 15. Bc1
{[%clk 1:18:58]} Qc7 {[%clk 1:23:28]} 16. Qe2 {[%clk 1:15:32]} Rac8
{[%clk 1:21:15]} 17. Nxf6+ {[%clk 1:10:25]} Bxf6 {[%clk 1:19:43]} 18. g4
{[%clk 1:06:54]} cxd4 {[%clk 1:19:14]} 19. Nxd4 {[%clk 1:01:27]} Nb6
{[%clk 1:12:54]} 20. f4 {[%clk 0:53:37]} Rfd8 {[%clk 1:03:59]} 21. Nb5
{[%clk 0:51:53]} Qc5 {[%clk 1:02:03]} 22. Nxa7 {[%clk 0:40:58]} Rxd1
{[%clk 0:40:41]} 23. Rxd1 {[%clk 0:40:53]} Na4 {[%clk 0:40:23]} 24. Nxc8
{[%clk 0:25:25]} Nc3+ {[%clk 0:40:47]} 25. bxc3 {[%clk 0:25:49]} Qxc3
{[%clk 0:41:15]} 26. Rd8+ {[%clk 0:12:12]} Bxd8 {[%clk 0:41:37]} 27. Bb2
{[%clk 0:09:30]} Qxc8 {[%clk 0:41:52]} 28. Qb5 {[%clk 0:09:23]} Bc7
{[%clk 0:36:53]} 29. Be5 {[%clk 0:08:25]} Bxe5 {[%clk 0:37:15]} 30. Qxe5
{[%clk 0:07:32]} Qd8 1/2-1/2

[Event "Moscow Open F"]
[Site "?"]
[Date "2017.02.04"]
[Round "9.19"]
[White "Egorova, Ayyyna"]
[Black "Shmelev, Dmitriy"]
[Result "0-1"]
[BlackElo "2128"]
[WhiteElo "1880"]
[LiveChessVersion "1.4.8"]

1. e4 {[%clk 1:30:57]} c5 {[%clk 1:30:35]} 2. Nf3 {[%clk 1:31:20]} e6
{[%clk 1:31:30]} 3. d4 {[%clk 1:31:44]} cxd4 4. Nxd4 {[%clk 1:32:10]} a6
{[%clk 1:32:20]} 5. c4 {[%clk 1:32:26]} Nf6 {[%clk 1:32:42]} 6. Nc3
{[%clk 1:32:35]} Qc7 {[%clk 1:33:03]} 7. Be2 {[%clk 1:32:07]} d6 {[%clk 1:32:55]}
8. O-O {[%clk 1:31:47]} b6 {[%clk 1:33:15]} 9. f4 {[%clk 1:31:38]} Bb7
{[%clk 1:32:37]} 10. Qc2 {[%clk 1:27:15]} Nbd7 {[%clk 1:32:48]} 11. Be3
{[%clk 1:26:25]} Be7 {[%clk 1:32:48]} 12. f5 {[%clk 1:21:21]} e5 {[%clk 1:32:33]}
13. Nb3 {[%clk 1:20:46]} O-O {[%clk 1:07:25]} 14. Rf3 {[%clk 1:10:45]} b5
{[%clk 0:56:39]} 15. Rg3 {[%clk 0:55:34]} Kh8 {[%clk 0:55:14]} 16. Nd2
{[%clk 0:51:17]} b4 {[%clk 0:53:59]} 17. Nd1 {[%clk 0:48:42]} d5 {[%clk 0:50:01]}
18. exd5 {[%clk 0:40:24]} Nxd5 {[%clk 0:50:12]} 19. Bf2 {[%clk 0:40:07]} N5f6
{[%clk 0:46:40]} 20. Bf3 {[%clk 0:38:15]} Bc5 {[%clk 0:46:32]} 21. Ne4
{[%clk 0:32:59]} Bxe4 {[%clk 0:40:28]} 22. Bxe4 {[%clk 0:33:02]} Rad8
{[%clk 0:40:46]} 23. Ne3 {[%clk 0:29:08]} Bd4 {[%clk 0:40:05]} 24. Bf3
{[%clk 0:22:40]} Qc5 {[%clk 0:30:45]} 25. Re1 {[%clk 0:19:47]} Rfe8
{[%clk 0:23:59]} 26. Nd1 {[%clk 0:10:08]} e4 {[%clk 0:17:09]} 27. Bxe4
{[%clk 0:09:17]} Qe5 {[%clk 0:15:42]} 28. Bxd4 {[%clk 0:09:26]} Qxd4+
{[%clk 0:16:06]} 29. Nf2 {[%clk 0:09:51]} Nc5 {[%clk 0:15:45]} 30. Rge3
{[%clk 0:08:04]} Rxe4 {[%clk 0:13:15]} 31. Nxe4 {[%clk 0:06:33]} Ncxe4
{[%clk 0:13:29]} 32. Kh1 {[%clk 0:06:07]} h6 {[%clk 0:13:34]} 33. h3
{[%clk 0:06:20]} Nc5 {[%clk 0:13:24]} 34. b3 {[%clk 0:05:15]} a5 {[%clk 0:12:47]}
35. Re7 {[%clk 0:04:51]} Rd7 {[%clk 0:10:06]} 36. Qe2 {[%clk 0:05:08]} Rxe7
{[%clk 0:05:51]} 37. Qxe7 {[%clk 0:05:36]} Nce4 {[%clk 0:06:07]} 38. Qf8+
{[%clk 0:05:17]} Kh7 {[%clk 0:06:30]} 39. Qxf7 {[%clk 0:05:45]} Ng3+
{[%clk 0:02:48]} 40. Kh2 {[%clk 0:06:05]} Nxf5 {[%clk 0:03:13]} 41. Qc7
{[%clk 0:05:22]} Qf2 {[%clk 0:01:46]} 42. Qe5 {[%clk 0:05:38]} Nh4
{[%clk 0:01:46]} 43. Qg3 {[%clk 0:03:21]} Nf3+ {[%clk 0:02:09]} 44. Qxf3
{[%clk 0:03:47]} Qxe1 {[%clk 0:02:35]} 45. Qf5+ {[%clk 0:03:58]} Kg8
{[%clk 0:02:59]} 46. c5 {[%clk 0:04:17]} Qe4 {[%clk 0:02:14]} 47. Qc8+
{[%clk 0:04:15]} Kh7 {[%clk 0:02:38]} 48. c6 {[%clk 0:04:34]} Nd5
{[%clk 0:02:52]} 49. Qb8 {[%clk 0:03:55]} Ne3 {[%clk 0:02:36]} 0-1

[Event "Moscow Open F"]
[Site "?"]
[Date "2017.02.04"]
[Round "9.20"]
[White "Pahomov, Ruslan"]
[Black "Subbotsky, Mikhail"]
[Result "1-0"]
[BlackElo "2019"]
[WhiteElo "2270"]
[LiveChessVersion "1.4.8"]

1. e4 {[%clk 1:28:52]} c5 {[%clk 1:23:20]} 2. Nf3 {[%clk 1:29:08]} d6
{[%clk 1:23:45]} 3. c4 {[%clk 1:29:34]} Nf6 {[%clk 1:24:02]} 4. Nc3
{[%clk 1:30:00]} Nc6 {[%clk 1:24:28]} 5. d4 {[%clk 1:30:22]} cxd4
{[%clk 1:24:42]} 6. Nxd4 {[%clk 1:30:51]} e6 {[%clk 1:24:57]} 7. Be3
{[%clk 1:31:15]} Be7 {[%clk 1:25:06]} 8. Bd3 {[%clk 1:31:36]} O-O
{[%clk 1:25:13]} 9. O-O {[%clk 1:31:42]} Bd7 {[%clk 1:24:52]} 10. Qe2
{[%clk 1:31:49]} Nxd4 {[%clk 1:24:38]} 11. Bxd4 {[%clk 1:32:18]} Bc6
{[%clk 1:24:42]} 12. b4 {[%clk 1:32:18]} b6 {[%clk 1:16:59]} 13. Rfd1
{[%clk 1:32:09]} Rc8 {[%clk 1:16:44]} 14. a4 {[%clk 1:31:53]} Qc7
{[%clk 1:13:08]} 15. a5 {[%clk 1:31:26]} Nd7 {[%clk 1:08:29]} 16. axb6
{[%clk 1:27:01]} axb6 {[%clk 1:08:54]} 17. Rac1 {[%clk 1:25:11]} Ne5
{[%clk 0:57:56]} 18. Qe3 {[%clk 1:19:16]} Nd7 {[%clk 0:39:02]} 19. Nd5
{[%clk 1:18:50]} exd5 {[%clk 0:38:13]} 20. cxd5 {[%clk 1:18:25]} Qb7
{[%clk 0:35:34]} 21. dxc6 {[%clk 1:18:44]} Rxc6 {[%clk 0:35:59]} 22. Rxc6
{[%clk 1:19:02]} Qxc6 {[%clk 0:36:23]} 23. b5 {[%clk 1:15:05]} Qb7
{[%clk 0:34:54]} 24. Bc4 {[%clk 1:12:20]} Nc5 {[%clk 0:28:38]} 25. Bd5
{[%clk 1:12:28]} Qd7 {[%clk 0:28:31]} 26. Qg3 {[%clk 1:11:02]} g6
{[%clk 0:27:29]} 27. Ba1 {[%clk 1:10:23]} 1-0

[Event "Moscow Open F"]
[Site "?"]
[Date "2017.02.04"]
[Round "9.21"]
[White "Nasybullina, Alfia"]
[Black "Klimov, Ivan"]
[Result "1-0"]
[BlackElo "2061"]
[WhiteElo "2219"]
[LiveChessVersion "1.4.8"]

1. d4 {[%clk 1:26:43]} d6 {[%clk 1:30:41]} 2. c4 {[%clk 1:27:00]} e5
{[%clk 1:31:05]} 3. d5 {[%clk 1:27:11]} f5 {[%clk 1:28:45]} 4. Nc3
{[%clk 1:26:29]} Nf6 {[%clk 1:29:07]} 5. Bg5 {[%clk 1:26:13]} Be7
{[%clk 1:29:26]} 6. Qc2 {[%clk 1:24:47]} Nxd5 {[%clk 1:14:49]} 7. cxd5
{[%clk 1:25:10]} Bxg5 {[%clk 1:15:10]} 8. Nf3 {[%clk 1:21:29]} Bf6
{[%clk 0:55:57]} 9. e4 {[%clk 1:21:46]} fxe4 {[%clk 0:56:08]} 10. Nxe4
{[%clk 1:20:17]} O-O {[%clk 0:37:59]} 11. Bd3 {[%clk 1:17:34]} c6
{[%clk 0:32:19]} 12. Nxf6+ {[%clk 1:16:00]} Qxf6 {[%clk 0:32:16]} 13. Bxh7+
{[%clk 1:16:13]} Kh8 {[%clk 0:32:26]} 14. Be4 {[%clk 1:15:20]} Bf5
{[%clk 0:27:43]} 15. Bxf5 {[%clk 1:11:33]} Qxf5 {[%clk 0:28:11]} 16. Qxf5
{[%clk 1:10:15]} Rxf5 {[%clk 0:28:40]} 17. Rd1 {[%clk 1:08:14]} e4
{[%clk 0:22:03]} 18. dxc6 {[%clk 1:06:18]} Nxc6 {[%clk 0:22:24]} 19. Nh4
{[%clk 1:05:33]} Rf6 {[%clk 0:20:58]} 20. g3 {[%clk 1:03:57]} Ne5
{[%clk 0:17:09]} 21. Ke2 {[%clk 0:59:48]} Rc8 {[%clk 0:15:18]} 22. Rhf1
{[%clk 0:54:56]} Nd3 {[%clk 0:07:10]} 23. Rd2 {[%clk 0:54:19]} d5
{[%clk 0:06:55]} 24. f3 {[%clk 0:50:58]} g5 {[%clk 0:04:04]} 25. Ng2
{[%clk 0:46:42]} Rcf8 {[%clk 0:02:54]} 26. Ne1 {[%clk 0:38:50]} Nxe1
{[%clk 0:01:50]} 27. Kxe1 {[%clk 0:39:14]} Rf5 {[%clk 0:01:11]} 28. g4
{[%clk 0:37:56]} Re5 {[%clk 0:01:23]} 29. fxe4 {[%clk 0:37:50]} Rxe4+
{[%clk 0:01:37]} 30. Re2 {[%clk 0:38:16]} Rfe8 {[%clk 0:01:02]} 31. Rff2
{[%clk 0:38:40]} Kg7 {[%clk 0:01:21]} 32. h3 {[%clk 0:39:06]} Kg6
{[%clk 0:01:11]} 33. Rxe4 {[%clk 0:39:15]} Rxe4+ {[%clk 0:01:23]} 34. Kd2
{[%clk 0:39:11]} Rf4 {[%clk 0:00:38]} 35. Re2 {[%clk 0:34:59]} Kf6
{[%clk 0:00:57]} 36. Re8 {[%clk 0:35:15]} Rf2+ {[%clk 0:01:25]} 37. Kc3
{[%clk 0:35:16]} d4+ {[%clk 0:01:12]} 38. Kxd4 {[%clk 0:35:27]} Rxb2
{[%clk 0:01:40]} 39. Rf8+ {[%clk 0:34:10]} Kg6 {[%clk 0:01:48]} 40. Rg8+
{[%clk 0:32:07]} Kf6 {[%clk 0:02:15]} 41. Rf8+ {[%clk 0:28:18]} Kg7
{[%clk 0:02:39]} 42. Rf5 {[%clk 0:23:19]} Kg6 {[%clk 0:02:34]} 43. Ra5
{[%clk 0:23:46]} a6 {[%clk 0:02:42]} 44. Ke4 {[%clk 0:23:51]} Rh2
{[%clk 0:02:38]} 45. Ra3 {[%clk 0:24:16]} Kf6 {[%clk 0:02:39]} 46. Rf3+
{[%clk 0:23:31]} Ke6 {[%clk 0:03:08]} 47. Rb3 {[%clk 0:23:43]} Re2+
{[%clk 0:02:57]} 48. Kd4 {[%clk 0:23:29]} Rd2+ {[%clk 0:03:05]} 49. Ke4
{[%clk 0:23:14]} Re2+ {[%clk 0:03:19]} 50. Kf3 {[%clk 0:23:10]} Rxa2
{[%clk 0:03:26]} 51. Rb6+ {[%clk 0:23:35]} Ke5 {[%clk 0:03:14]} 52. Rxb7
{[%clk 0:23:59]} Ra3+ {[%clk 0:03:27]} 53. Kg2 {[%clk 0:23:53]} Ra2+
{[%clk 0:02:51]} 54. Kg3 {[%clk 0:24:06]} Ra3+ {[%clk 0:03:15]} 55. Kh2
{[%clk 0:24:15]} Ra2+ {[%clk 0:00:39]} 56. Kg3 {[%clk 0:23:27]} Ra3+ 1-0